Items in Spelunky - Statistics

General Stats
  • This quiz has been taken 35 times
  • The average score is 18 of 34
Answer Stats
Items % Correct
Shotgun
97%
Cape
77%
Ankh
73%
Bomb Bag
73%
Climbing Gloves
73%
Jetpack
73%
Bomb Box
70%
Paste
67%
Freeze Ray
63%
Spike Shoes
63%
Udjat Eye
63%
Web Gun
63%
Compass
60%
Kapala
60%
Machete
57%
Spring Shoes
57%
Vlad's Cape
57%
Plasma Cannon
53%
Shield
53%
Hedjet
50%
Parachute
50%
Scepter
50%
Boomerang
47%
Crysknife
40%
Idol
40%
Rope Pile
40%
Spectacles
40%
Pitcher's Mitt
37%
Teleporter
37%
Book of the Dead
33%
Mattock
33%
Camera
30%
Vlad's Amulet
30%
Royal Jelly
27%
No matching quizzes found
Score Distribution
Percent of People with Each Score
Percentile by Number Answered
Your Score History
You have not taken this quiz